Trionfo del Rinascimento (Il) (Record no. 91660)

MARC details
000 -LEADER
fixed length control field 01639nam a2200289Ia 4500
001 - CONTROL NUMBER
control field H9799
003 - CONTROL NUMBER IDENTIFIER
control field IT-RoPAU
008 - FIXED-LENGTH DATA ELEMENTS--GENERAL INFORMATION
fixed length control field 130308s9999 xx 000 0 und d
040 ## - CATALOGING SOURCE
Original cataloging agency IT-RoPAU
040 ## - CATALOGING SOURCE
Transcribing agency IT-RoPAU
041 ## - LANGUAGE CODE
Language code of text/sound track or separate title ITALIANO
100 ## - MAIN ENTRY--PERSONAL NAME
Personal name Lindemann Gottfried
100 ## - MAIN ENTRY--PERSONAL NAME
Miscellaneous information Codice Aut. SPICS: 59951
245 ## - TITLE STATEMENT
Title Trionfo del Rinascimento (Il)
245 ## - TITLE STATEMENT
Remainder of title Trionfo del Rinascimento (Il)
250 ## - EDITION STATEMENT
Edition statement 1a ed.
260 ## - PUBLICATION, DISTRIBUTION, ETC. (IMPRINT)
Place of publication, distribution, etc. FIRENZE
260 ## - PUBLICATION, DISTRIBUTION, ETC. (IMPRINT)
Name of publisher, distributor, etc. Salani
260 ## - PUBLICATION, DISTRIBUTION, ETC. (IMPRINT)
Date of publication, distribution, etc. 1966 [1° Ed.:1966 - Ed.Ling.Originale:1966]
300 ## - PHYSICAL DESCRIPTION
Extent "196 p. (prefazione: no ; testo: 196 [pagine: 0-0])"
500 ## - GENERAL NOTE
General note "Precursori. Primo Rinascimento. Firenze dei Medici. Roma dei Papi. Veneziaponte tra Oriente e Occidente. Leonardo da Vinci. Raffaello. Michelangelo.Dizionario biografico degli Artisti. capolavori dei Massimi Artisti del Rinascimento Italiano con 44 tavole a Colori e 36 Riproduzioni di Quadri in bianco e Nero e 43 Disegni. tra gli Artisti: Duccio di Boninsegna; Giotto; Cimabue; Masaccio; Fra Carnevale; Carlo Crivelli; Beato Angelico; Paolo Uccello; Pisanello; Gentile da Fabriano; Simone Martini; Piero della Francesca; Andrea del Castagno; Domenico Veneziano; Melozzo da Forli; Lorenzo di Credi; Sandro Botticelli; Filippino Lippi; Andrea Mantegna; Filippo Lippi; Benozzo Gozzoli; Francesco del Cossa; Pinturicchio; Domenico Ghirlandaio; Perugino; Giambellini; Gentile Bellini; Vittore Carpaccio; Giorgione; Tiziano; Tintoretto; Veronese; Leonardo da Vinci; Raffaello; Michelangelo Buonarroti."
650 ## - SUBJECT ADDED ENTRY--TOPICAL TERM
Topical term or geographic name as entry element SAGGI DI PITTURA
650 ## - SUBJECT ADDED ENTRY--TOPICAL TERM
Relator term Codice materia Spics: 5211
942 ## - ADDED ENTRY ELEMENTS (KOHA)
Koha item type LIBRO
957 ## -
-- 1
999 ## - SYSTEM CONTROL NUMBERS (KOHA)
-- 1
Holdings
Withdrawn status Lost status Damaged status Not for loan Home library Current library Date acquired Total Checkouts Full call number Date last seen Price effective from Koha item type Public note
    Buone Condizioni Not For Loan SPICS-MEDIATECA SPICS-MEDIATECA 08/03/2013   H9799 08/03/2013 08/03/2013 LIBRO Progressivo inserimento: 25017 / N. Volumi: 1 Copie: 1 / data import: 1 marzo 2013 - By Epidotti, Trombetti, Vaglietti.
CREDITS: SOCIETA' SAN PAOLO Via A.Severo, 58 - ROMA (RM) & PERIODICI SAN PAOLO SRL Via Giotto, 36 MILANO & CISF Via Giotto, 36 MILANO & EDIZIONI SAN PAOLO SRL,  Piazza Soncino, 5 CINISELLO BALSAMO (MI) -- ITALY